00930cam a22002535a 450000500170000000800410001701000140005802000230007203500130009503700130010804000130012110000160013424500520015026000500020227000580025230000290031050000410033952000260038061000470040665100530045394200170050699900170052395201360054020091103014612.0090911s2009 ii ab b 100 0 eng d aENG-95360 a8176487317c795.00 aEN-78893 aDBAD/PUB aDPLbeng aQazi, S. A. aPrinciples of Physical Geographycby S. A. Qazi aNew Delhi :bAPH Publishing Corporationc2009 a4435-36/7. Ansari road, Darya GanjbNew Delhie110002 a xv, 324p.c22 cm. (Hb) a Bibliography references.and Indxing aContributed articles. aCollege of Fort St. George (Madras, India) aMadras (India)xIntellectual lifey19th century. 2ddccENmQAZ c31461d31461 00102ddc40718NFICaDBADbDBADd2009-11-06eDBAD / PUBg795.00l0oQAZpEN-78893r2009-11-06 00:00:00t1v795.00w2009-11-06yEN